LEADER 02266nas 2200421 n 450 001 990008912030403321 005 20240229084427.0 011 $a0365-298X 035 $a000891203 035 $aFED01000891203 035 $a(Aleph)000891203FED01 035 $a000891203 091 $2CNR$aP 00015846 100 $a20090724b18881927km-y0itaa50------ba 101 0 $aita 102 $aIT 110 $aauu-------- 200 1 $aAtti dell'Istituto Botanico dell'Università di Pavia 207 1$a1888-1927 210 $aPavia$cUniversità di Pavia. Istituto di Botanica 430 0$1001000890873$12001$aArchivio del Laboratorio di Botanica Crittogamica presso la R. Università di Pavia 440 0$1001000891204$12001$aAtti dell'Istituto Botanico Giovanni Briosi e del Laboratorio Crittogamico Italiano dell'Università di Pavia 530 0 $aAtti dell'Istituto Botanico dell'Università di Pavia 675 $a58 712 02$aUniversità degli studi di Pavia.$bIstituto botanico 801 0$aIT$bACNP$c20090723 859 4 $uhttp://acnp.cib.unibo.it/cgi-ser/start/it/cnr/dc-p1.tcl?catno=8487&person=false&language=ITALIANO&libr=&libr_th=unina1$zBiblioteche che possiedono il periodico 901 $aSE 912 $a990008912030403321 958 $aBiblioteca Centralizzata. Facoltà di Agraria dell'Università Federico II di Napoli$b1894-1900;$fFAGBC 958 $aBiblioteca. Dipartimento di Scienze biologiche. Sez. di Biologia vegetale. Università degli studi di Napoli Federico II$b1888-1924;$fDBV 959 $aFAGBC 959 $aDBV 996 $aAtti dell'Istituto Botanico dell'Università di Pavia$9800006 997 $aUNINA AP1 8 $6866-01$aNA087 Biblioteca Centralizzata. Facoltà di Agraria dell'Università Federico II di Napoli$ev. Università, 100 Palazzo Reale, 80055 Portici (NA)$m081-2539322$m081-7760229$nit AP1 8 $6866-02$aNA163 Biblioteca. Dipartimento di Scienze biologiche. Sez. di Biologia vegetale. Università degli studi di Napoli Federico II$ev. Foria,223, Napoli (NA)$m(081) 440681$m(081) 450165$nit AP2 40$aacnp.cib.unibo.it$nACNP Italian Union Catalogue of Serials$uhttp://acnp.cib.unibo.it/cgi-ser/start/it/cnr/df-p.tcl?catno=8487&language=ITALIANO&libr=&person=&B=1&libr_th=unina&proposto=NO